| 000 | 00366pab a2200145 454500 | ||
|---|---|---|---|
| 008 | 180718b90-1 xxu||||| |||| 00| 0 eng d | ||
| 100 | _aLacey, Eric | ||
| 245 | _aRegulation or competition in road transport | ||
| 260 | _c90-1 | ||
| 300 | _a27-30 | ||
| 362 | _aDec.,Jan. | ||
| 650 | _aMotor Transportation - Regulation | ||
| 773 | _aOECD Observer | ||
| 909 | _a14182 | ||
| 999 |
_c14182 _d14182 |
||